Movies Quiz

Random Movies or Clickable Quiz

Gender in Movie Titles II Quiz Stats

 Plays Quiz Updated Jan 25, 2018

Challenge
Share
Tweet
Embed
Score 0/50 Timer 06:00
42 Plays Today
Question Answer Wrong Answers
My Fair _____ (1964)
Rex Harrison, Audrey Hepburn
Lady
93.3%
Gentleman
0.5%
The Blues _____ (1980)
John Belushi, Aretha Franklin
Brothers
93.1%
Sisters
0.7%
_____ Act (1992)
Harvey Keitel, Whoopi Goldberg
Sister
92.6%
Brother
1.3%
O _____, Where Art Thou? (2000)
George Clooney, Holly Hunter
Brother
92.2%
Sister
1.5%
The _____ Speech (2010)
Colin Firth, Helena Bonham Carter
King's
91.8%
Queen's
1.9%
Big _____ (1999)
Adam Sandler, Leslie Mann
Daddy
91.5%
Mommy
2.2%
The Iron _____ (2011)
Jim Broadbent, Meryl Streep
Lady
91.4%
Gentleman
2.3%
In the Name of the _____ (1993)
Daniel Day-Lewis, Emma Thompson
Father
90.8%
Mother
2.9%
_____ of the Bride (1991)
Steve Martin, Diane Keaton
Father
90.8%
Mother
2.9%
The League of Extraordinary _____ (2003)
Sean Connery, Peta Wilson
Gentlemen
90.6%
Ladies
3.1%
_____ Agreement (1947)
Gregory Peck, Dorothy McGuire
Gentleman's
90.6%
Lady's
2.9%
Two Mules for _____ Sara (1970)
Clint Eastwood, Shirley MacLaine
Sister
89.8%
Brother
3.7%
The Fisher _____ (1991)
Robin Williams, Mercedes Ruehl
King
88.5%
Queen
5.3%
_____ Home (2015)
Will Ferrell, Linda Cardellini
Daddy's
88.4%
Mommy's
5.2%
Don't Tell _____ the Babysitter's Dead (1991)
Josh Charles, Christina Applegate
Mom
88.3%
Dad
5.4%
Coal Miner's _____ (1980)
Tommy Lee Jones, Sissy Spacek
Daughter
87.8%
Son
6%
_____ in the Water (2006)
Paul Giamatti, Bryce Dallas Howard
Lady
87.7%
Gentleman
5.8%
_____ of Kong (1933)
Robert Armstrong, Helen Mack
Son
87.6%
Daughter
5.8%
The Last _____ of Scotland (2006)
Forest Whitaker, Kerry Washington
King
86.9%
Queen
6.7%
Seventh _____ (2014)
Jeff Bridges, Julianne Moore
Son
86.4%
Daughter
7.1%
An Officer and a _____ (1982)
Richard Gere, Debra Winger
Gentleman
86.1%
Lady
7.6%
The African _____ (1951)
Humphrey Bogart, Katharine Hepburn
Queen
85.9%
King
7.8%
The _____ Karamazov (1958)
Yul Brynner, Maria Schell
Brothers
85.7%
Sisters
7.8%
The Farmer's _____ (1947)
Joseph Cotten, Loretta Young
Daughter
85.3%
Son
8.2%
Hannah and Her _____ (1986)
Michael Caine, Mia Farrow
Sisters
85.2%
Brothers
8.5%
The General's _____ (1999)
John Travolta, Madeleine Stowe
Daughter
84.9%
Son
8.7%
The _____ Vanishes (1938)
Michael Redgrave, Margaret Lockwood
Lady
84.7%
Gentleman
8.8%
Step _____ (2008)
Will Ferrell, Mary Steenburgen
Brothers
84.6%
Sisters
9.1%
The _____ of the Traveling Pants (2005)
Bradley Whitford, Amber Tamblyn
Sisterhood
84.5%
Brotherhood
9.1%
Bad _____ (2016)
David Walton, Mila Kunis
Moms
83.5%
Dads
10%
Mr. _____ (1983)
Michael Keaton, Teri Garr
Mom
83.3%
Dad
10.4%
_____ Dearest (1981)
Steve Forrest, Faye Dunaway
Mommie
82.1%
Daddy
11.6%
The Good _____ (1993)
Macaulay Culkin, Wendy Crewson
Son
81.6%
Daughter
11.9%
World's Greatest ___ (2009)
Robin Williams, Morgan Murphy
Dad
81.4%
Mom
12.3%
Throw _____ from the Train (1987)
Danny DeVito, Anne Ramsey
Momma
81.2%
Papa
12.3%
_____ of the Damned (2002)
Stuart Townsend, Aaliyah
Queen
80.5%
King
13.3%
The _____ McMullen (1995)
Edward Burns, Connie Britton
Brothers
79.9%
Sisters
13.5%
My _____ Is an Alien (1988)
Dan Aykroyd, Kim Basinger
Stepmother
79.1%
Stepfather
14.7%
_____ and Lovers (1960)
Trevor Howard, Wendy Hiller
Sons
77.4%
Daughters
16.2%
Ghost _____ (1990)
Bill Cosby, Kimberly Russell
Dad
73.5%
Mom
20.1%
_____ of the Desert (1933)
Stan Laurel, Mae Busch
Sons
73.1%
Daughters
20.1%
Serial _____ (1994)
Sam Waterston, Kathleen Turner
Mom
72.2%
Dad
21.5%
'night, _____ (1986)
Ed Berk, Sissy Spacek
Mother
69.4%
Father
24%
Ryan's _____ (1970)
Robert Mitchum, Sarah Miles
Daughter
68.4%
Son
25.1%
The _____ from Shanghai (1947)
Orson Welles, Rita Hayworth
Lady
67.6%
Gentleman
26.1%
The _____ of Katie Elder (1965)
John Wayne, Martha Hyer
Sons
67.5%
Daughters
26.1%
_____ Little Dividend (1951)
Spencer Tracy, Elizabeth Taylor
Father's
59.4%
Mother's
34%
My _____ Keeper (2009)
Alec Baldwin, Cameron Diaz
Sister's
52.1%
Brother's
41.8%
Fathers & _____ (2015)
Russell Crowe, Amanda Seyfried
Daughters
49.6%
Sons
44.1%
_____ Goose (1964)
Cary Grant, Leslie Caron
Father
27.5%
Mother
66.2%

You're not logged in!

Compare scores with friends on all Sporcle quizzes.
OR
Log In

You Might Also Like...

Show Comments

Extras

Top Quizzes Today


Score Distribution

Your Account Isn't Verified!

In order to create a playlist on Sporcle, you need to verify the email address you used during registration. Go to your Sporcle Settings to finish the process.

Report this User

Report this user for behavior that violates our Community Guidelines.

Details: